000 00217 a2200097 4500
001 11093
100 _aSabut Hassan
245 _aPakistan may Tazib Ka Irtiqa
260 _a
_bPicador Pan Book
_c
090 _c8650
_d8650
942 _aNUST-CAE
_cM
_c35434
999 _c246166
_d246166